000 00186 a2200097 4500
020 _a9781423105671
041 _aspa
100 _aWillems, Mo
245 _aEl Conejito Knuffle
942 _cBK
999 _c2124
_d2124